000 01757nam a22001457a 4500
999 _c529885
_d529885
008 250513b ||||| |||| 00| 0 eng d
100 _a Apastamb, Kunal
_953018
245 _aUnderstanding the preferences of aspiring bureaucrats: Experimental evidence from India
260 _aIndian Journal of Public Administration
300 _a 71(1), Mar, 2025: p.150-167
520 _aEffective screening and selection methods can potentially improve workforce quality. This paper investigates the effect of changing the job entrance methods on the aspirant pool for civil service jobs in India. A choice experiment was conducted among aspirants of a civil service exam randomly selected from coaching classes (n = 221). Participants were randomly shown one of the four job advertisements varying in Entrance Method (Exam vs. No Exam) and Job Type (Specialist vs. Generalist) and asked to rate their willingness to apply for the job. The results revealed a strong preference for entrance exams. Many aspirants rejected specialist roles aligned with their educational backgrounds, favouring generalist roles instead. Risk appetite influenced preferences for entrance exams, while time preference (patience) and public service motivation had no significant effect.The findings suggested that to attract specialists, the government must revise its recruitment strategy, as the current approach appeals predominantly to generalists. Significant changes in entrance methods could reshape the applicant pool.- Reproduced https://journals.sagepub.com/doi/full/10.1177/00195561241308758
650 _aCivil services, Entrance exam, Public administration, Job preferences, Aspirants.
_953019
773 _aIndian Journal of Public Administration
942 _cAR